000 00448nam a2200157 i 4500
001 81918
003 ES-MaACL
005 20230906174533.0
007 t|
008 041108s1970 sp ||||1| spa d
100 1 _aIglesias Palomar, José Pedro.
_965129
245 1 0 _aPoesías réprobas /
_cJosé Pedro Iglesias Palomar.
260 _aMadrid :
_b[s.n.,
_c1970]
300 _a79 p. :
_bretr. aut. ;
_c24 cm.
852 _aES-MaACL
_jC-38019
_bR.75769
999 _c81918
_d81918